El sentido común en la economía colombiana / (Registro nro. 3698)

Detalles MARC
000 -LEADER
fixed length control field 00965nam a2200217Ia 4500
003 - CONTROL NUMBER IDENTIFIER
control field OSt
005 - DATE AND TIME OF LATEST TRANSACTION
control field 20200715124235.0
008 - FIXED-LENGTH DATA ELEMENTS--GENERAL INFORMATION
fixed length control field 191128s1962 ck a gr 000 0 spa d
040 ## - CATALOGING SOURCE
Original cataloging agency CO-JMCR
Transcribing agency CO-JMCR
041 0# - LANGUAGE CODE
Language code of text/sound track or separate title spa
082 04 - DEWEY DECIMAL CLASSIFICATION NUMBER
Classification number 330.9861 /
Item number E182s
Edition number 23
100 1# - MAIN ENTRY--PERSONAL NAME
Personal name Echavarría Olózaga, Hernán,
Dates associated with a name 1911-2006,
Relator term autor
9 (RLIN) 7303
245 10 - TITLE STATEMENT
Title El sentido común en la economía colombiana /
Statement of responsibility, etc. Hernán Echavarría Olózoga
250 ## - EDITION STATEMENT
Edition statement Tercera edición
260 ## - PUBLICATION, DISTRIBUTION, ETC.
Place of publication, distribution, etc. Cali :
Name of publisher, distributor, etc. Norma,
Date of publication, distribution, etc. 1962.
300 ## - PHYSICAL DESCRIPTION
Extent 371 páginas :
Other physical details Ilustraciones en blanco y negro ;
Dimensions 21 cm.
505 0# - FORMATTED CONTENTS NOTE
Formatted contents note Organizaciones de la producción Formación de la renta nacional -- Distribución de la capacidad productora -- Los mercados y el poder de compra -- Comercio exterior -- Los impuestos -- Elementos de desarrollo económico -- Problemas de la intervención
650 14 - SUBJECT ADDED ENTRY--TOPICAL TERM
Topical term or geographic name entry element Condiciones económicas
Geographic subdivision Colombia
9 (RLIN) 6839
650 14 - SUBJECT ADDED ENTRY--TOPICAL TERM
Topical term or geographic name entry element Política económica
Geographic subdivision Colombia
9 (RLIN) 6845
942 ## - ADDED ENTRY ELEMENTS (KOHA)
Source of classification or shelving scheme Dewey Decimal Classification
Koha item type Books
Existencias
Withdrawn status Lost status Source of classification or shelving scheme Materials specified (bound volume or other part) Damaged status Not for loan Home library Current library Shelving location Date acquired Source of acquisition Full call number Barcode Date last seen Copy number Price effective from Koha item type Public note
    Dewey Decimal Classification Donación--24/07/2018--     Biblioteca Pública José María del Castillo y Rada Biblioteca Pública José María del Castillo y Rada General Stacks 11/28/2019 Donación 330.9861 / E182s 201807684 05/16/2024 Ej.1 11/28/2019 Books Exlibris : Hernando Trujillo R. Abril de 1964